000
00324nam a2200121Ia 4500
008
231228s2000 xx 000 0 und d
041
_a
eng
082
_a
5.133
_b
WIR
100
_a
WIRFS (B)/ WILKERSON/ WIENER
245
_a
Desining Object-Oriented Software
260
_a
New Delhi
_b
P.H.I.(3E) E
_c
2000
300
_a
XIX,341
999
_c
1086008
_d
1086008